000 00414pab a2200157 454500
008 180718b2017 xxu||||| |||| 00| 0 eng d
100 _aSrivastava, Anshu
245 _aAd hocs as academic workforce: case of University of Delhi
260 _c2017
300 _ap.10-14,19.
362 _a03 Apr
650 _aTeachers
650 _aAcademic teaching personnel
773 _aUniversity News
909 _a114417
999 _c114411
_d114411